[Event "Festival INGEM - PLZEŇ 2012"]
[Site "Plzeň (Česká republika)"]
[Date "2012.08.25"]
[Round "9.4"]
[White "Bartos, Jan"]
[Black "Michalek, Jan"]
[Result "1-0"]
[WhiteElo "2211"]
[BlackElo "2327"]
[PlyCount "60"]
[EventDate "2012.08.18"]
[Source "ChessBase"]
[SourceDate "1996.11.15"]

1. d4 Nf6 2. Nf3 e6 3. c4 c5 4. d5 exd5 5. cxd5 d6 6. Nc3 g6 7. Bf4 Nh5 8. Bg5
Be7 9. Bh6 a6 10. a4 Bf6 11. e4 Bg4 12. Be2 Nd7 13. Nd2 Bxe2 14. Qxe2 Bg5 15.
Bxg5 Qxg5 16. g3 O-O 17. f4 Qe7 18. O-O f5 19. Nc4 fxe4 20. Qxe4 Qg7 21. Nxd6
b6 22. Rae1 Rad8 23. Rd1 Kh8 24. Rfe1 Ndf6 25. Qe6 Qa7 26. Nc4 b5 27. axb5 axb5
28. Nxb5 Qb8 29. Nbd6 Ng4 30. Nf7+ Kg8 1-0

[Event "Festival INGEM - PLZEŇ 2012"]
[Site "Plzeň (Česká republika)"]
[Date "2012.08.25"]
[Round "9.5"]
[White "Vecera, Petr"]
[Black "Haba, Zdenek"]
[Result "0-1"]
[WhiteElo "1986"]
[BlackElo "2236"]
[PlyCount "50"]
[EventDate "2012.08.18"]
[Source "ChessBase"]
[SourceDate "1996.11.15"]

1. e4 c5 2. c3 g6 3. d4 cxd4 4. cxd4 d5 5. exd5 Nf6 6. Bb5+ Bd7 7. Qb3 Bxb5 8.
Qxb5+ Qd7 9. Nc3 Qxb5 10. Nxb5 Nxd5 11. Ne2 Nc6 12. Nf4 O-O-O 13. O-O a6 14.
Nc3 Nxf4 15. Bxf4 Rxd4 16. Bg3 Bg7 17. Rac1 e5 18. Rfe1 Re8 19. f3 f5 20. Rc2
Nb4 21. Rce2 Nd3 22. Rd1 Red8 23. Rc2 Kb8 24. Rcd2 Ka8 25. Ne2 Nxb2 0-1

[Event "Festival INGEM - PLZEŇ 2012"]
[Site "Plzeň (Česká republika)"]
[Date "2012.08.25"]
[Round "9.6"]
[White "Mukashev, Assan"]
[Black "Ondrejat, Miroslav"]
[Result "1-0"]
[WhiteElo "2217"]
[BlackElo "2060"]
[PlyCount "67"]
[EventDate "2012.08.18"]
[Source "ChessBase"]
[SourceDate "1996.11.15"]

1. d4 Nf6 2. Nf3 g6 3. g3 Bg7 4. Bg2 O-O 5. O-O d6 6. b3 Nbd7 7. Bb2 c6 8. Nbd2
Qc7 9. e4 e5 10. c4 c5 11. d5 Nh5 12. Ne1 Ndf6 13. Nd3 Ng4 14. h3 Nh6 15. g4 f5
16. gxh5 f4 17. hxg6 Rf6 18. gxh7+ Kxh7 19. Qh5 Rg6 20. Nf3 Qe7 21. Rfc1 Bd7
22. Nfe1 Rg8 23. Kf1 Bf6 24. Qd1 Qg7 25. Bf3 Bxh3+ 26. Ke2 Rg1 27. Kd2 Bd8 28.
Kc2 Ba5 29. Bc3 Bxc3 30. Kxc3 Ng4 31. Qd2 Nh2 32. Be2 Qg6 33. Nf3 Nxf3 34. Bxf3
1-0

[Event "Festival INGEM - PLZEŇ 2012"]
[Site "Plzeň (Česká republika)"]
[Date "2012.08.25"]
[Round "9.7"]
[White "Chalus, Karel"]
[Black "Vorobyov, Yrij"]
[Result "1/2-1/2"]
[WhiteElo "2049"]
[BlackElo "2254"]
[PlyCount "24"]
[EventDate "2012.08.18"]
[Source "ChessBase"]
[SourceDate "1996.11.15"]

1. e4 c5 2. c4 e6 3. Nc3 a6 4. g3 Nc6 5. Bg2 g6 6. Nge2 Bg7 7. a3 d6 8. O-O
Nge7 9. Rb1 a5 10. d3 O-O 11. Be3 e5 12. Qd2 f5 1/2-1/2

[Event "Festival INGEM - PLZEŇ 2012"]
[Site "Plzeň (Česká republika)"]
[Date "2012.08.25"]
[Round "9.8"]
[White "Fiala, Jaroslav"]
[Black "Simacek, Vaclav"]
[Result "1-0"]
[WhiteElo "2225"]
[BlackElo "1829"]
[PlyCount "125"]
[EventDate "2012.08.18"]
[Source "ChessBase"]
[SourceDate "1996.11.15"]

1. d4 Nf6 2. Nf3 c5 3. d5 e6 4. c4 d6 5. Nc3 g6 6. h3 Bg7 7. e4 O-O 8. Bd3 exd5
9. exd5 Re8+ 10. Be3 Nbd7 11. O-O a6 12. Bf4 Nb6 13. Qd2 Nh5 14. Bh2 f5 15.
Rfe1 Rf8 16. Bf4 Nxf4 17. Qxf4 Qf6 18. a4 Bd7 19. a5 Nc8 20. Re2 Na7 21. Rae1
Rae8 22. Ng5 Re5 23. Nf3 Rxe2 24. Rxe2 Re8 25. Rxe8+ Bxe8 26. Qe3 Bd7 27. Ne2
Nc8 28. b4 cxb4 29. Ned4 h6 30. h4 Kf7 31. Qd2 Qd8 32. h5 g5 33. Nxf5 Bxf5 34.
Bxf5 Bc3 35. Qe3 Ne7 36. Bc2 Qd7 37. Qe4 Qc8 38. Qh7+ Bg7 39. Nd2 Qh8 40. Qe4
Be5 41. c5 Qf6 42. g3 dxc5 43. Nc4 Bd4 44. Qg2 Nf5 45. Bxf5 b3 46. Bb1 b2 47.
Ne3 b5 48. axb6 Qxb6 49. Qe4 Qf6 50. Ng4 Qd6 51. Qf5+ Ke7 52. Kg2 a5 53. Qh7+
Kf8 54. Qf5+ Ke7 55. Ne3 a4 56. Nc4 Qf6 57. Qe4+ Kd8 58. f3 Qa6 59. d6 Qa7 60.
Na5 Qf7 61. Qa8+ Kd7 62. Qb7+ Ke6 63. Ba2+ 1-0

[Event "Festival INGEM - PLZEŇ 2012"]
[Site "Plzeň (Česká republika)"]
[Date "2012.08.25"]
[Round "9.9"]
[White "Hercik, Josef"]
[Black "Sura, Jaroslav"]
[Result "1/2-1/2"]
[WhiteElo "1935"]
[BlackElo "2123"]
[PlyCount "90"]
[EventDate "2012.08.18"]
[Source "ChessBase"]
[SourceDate "1996.11.15"]

1. d4 Nf6 2. Nf3 d6 3. c4 g6 4. Nc3 Bg7 5. e4 Nbd7 6. Bd3 e5 7. d5 Nc5 8. Bc2
a5 9. Be3 b6 10. h3 Bd7 11. a4 Qe7 12. Qd2 O-O 13. Rd1 Rfd8 14. Bg5 Qe8 15. b3
Qf8 16. O-O h6 17. Be3 Kh7 18. Kh2 Qe7 19. Qe2 Nh5 20. g3 Bf6 21. Rh1 Bg5 22.
Nxg5+ hxg5 23. Kg2 Kg7 24. Qd2 f6 25. Rh2 Rh8 26. Rdh1 Rh7 27. f3 Nb7 28. Ne2
Rah8 29. Ng1 Kf8 30. Bd1 Ng7 31. g4 Nd8 32. Ne2 Nf7 33. Ng3 f5 34. Nf1 Ne8 35.
Bf2 Nf6 36. Bc2 f4 37. Qe2 Qd8 38. Nd2 Qc8 39. Nb1 Kg7 40. Nc3 Rh6 41. Be1 R8h7
42. Nd1 Rh8 43. Nf2 Rh4 44. Kg1 R4h7 45. Nd1 Ng8 1/2-1/2

[Event "Festival INGEM - PLZEŇ 2012"]
[Site "Plzeň (Česká republika)"]
[Date "2012.08.25"]
[Round "9.10"]
[White "Kejzlar, Lubos"]
[Black "Eretova, Jana"]
[Result "1/2-1/2"]
[WhiteElo "1920"]
[BlackElo "2087"]
[PlyCount "90"]
[EventDate "2012.08.18"]
[Source "ChessBase"]
[SourceDate "1996.11.15"]

1. e4 c5 2. d4 cxd4 3. c3 d3 4. c4 Nc6 5. Nc3 g6 6. Bxd3 Bg7 7. Nf3 d6 8. h3
Nf6 9. O-O O-O 10. Be3 Nd7 11. Rc1 Nde5 12. Be2 Nxf3+ 13. Bxf3 f5 14. Qd2 Be6
15. b3 Rf7 16. exf5 gxf5 17. Bh5 Rf8 18. Bh6 Bxh6 19. Qxh6 Rf6 20. Qf4 Ne5 21.
Rfe1 Kh8 22. Qd4 f4 23. Ne4 Rh6 24. Ng5 Qg8 25. Nxe6 Qxe6 26. Bf3 Qf6 27. Qe4
Rg8 28. Kh2 b6 29. Rcd1 Rhg6 30. Rg1 R6g7 31. Rd2 Ng6 32. Qd4 Qg5 33. Bd5 Nh4
34. Qc3 f3 35. Bxg8 Kxg8 36. g3 Ng6 37. Rdd1 Ne5 38. Rh1 Rg6 39. Rd5 Qf6 40.
Rxe5 dxe5 41. Re1 Rg5 42. Re3 Rf5 43. b4 Qc6 44. Qd3 e6 45. Qe4 Qa4 1/2-1/2

[Event "Festival INGEM - PLZEŇ 2012"]
[Site "Plzeň (Česká republika)"]
[Date "2012.08.25"]
[Round "9.11"]
[White "Silhavy, Miroslav"]
[Black "Sladek, Jaroslav"]
[Result "0-1"]
[WhiteElo "1781"]
[BlackElo "2011"]
[PlyCount "69"]
[EventDate "2012.08.18"]
[Source "ChessBase"]
[SourceDate "1996.11.15"]

1. e4 e5 2. Nf3 d6 3. d4 Nd7 4. c3 Be7 5. Bd3 Ngf6 6. O-O c6 7. a4 a5 8. Ne1 c5
9. d5 Nf8 10. f4 exf4 11. Rxf4 Ng6 12. Rf1 O-O 13. Bc2 Ne5 14. Nd2 Bg4 15. Ndf3
Nh5 16. Qd2 h6 17. Nxe5 dxe5 18. Nd3 Qd6 19. c4 b6 20. Qe1 Bg5 21. Bxg5 hxg5
22. Bd1 Bxd1 23. Rxd1 Nf4 24. Kh1 f6 25. Rf3 Kf7 26. Nxf4 gxf4 27. Rdd3 g5 28.
g4 Rh8 29. h3 Qd7 30. Qg1 Qxa4 31. b3 Qd7 32. Kg2 a4 33. Qa1 axb3 34. Qb1 Ra2+
35. Kf1 0-1

[Event "Festival INGEM - PLZEŇ 2012"]
[Site "Plzeň (Česká republika)"]
[Date "2012.08.25"]
[Round "9.12"]
[White "Smilek, Petr"]
[Black "Berka, Lubos"]
[Result "1-0"]
[WhiteElo "1991"]
[BlackElo "1862"]
[PlyCount "101"]
[EventDate "2012.08.18"]
[Source "ChessBase"]
[SourceDate "1996.11.15"]

1. d4 Nf6 2. c4 g6 3. Nc3 Bg7 4. Nf3 O-O 5. Bf4 d6 6. e3 Nh5 7. Bg5 Bf6 8. Bh6
Bg7 9. Bxg7 Kxg7 10. Be2 Nf6 11. O-O Bg4 12. h3 Bxf3 13. Bxf3 c6 14. b4 e6 15.
a4 d5 16. c5 Nbd7 17. b5 e5 18. Rb1 e4 19. Be2 Ng8 20. bxc6 bxc6 21. Rb7 Ngf6
22. Qb3 Qa5 23. Qb4 Qxb4 24. Rxb4 Rab8 25. Rfb1 Rxb4 26. Rxb4 Rb8 27. Rxb8 Nxb8
28. a5 Ne8 29. Kh2 f5 30. Na2 Kf6 31. Nb4 g5 32. Bd1 Ke6 33. Ba4 f4 34. Nxc6
Nxc6 35. Bxc6 Nf6 36. Kg1 fxe3 37. fxe3 h5 38. Kf2 h4 39. Ke2 Ke7 40. Kd2 Kd8
41. a6 Kc7 42. Bb7 Kd7 43. Kc3 Ke6 44. Bc8+ Ke7 45. Kb4 Nh5 46. Kb5 Ng3 47. Kc6
Nf1 48. Kxd5 Nxe3+ 49. Kxe4 Nxg2 50. d5 Kd8 51. Bg4 1-0

[Event "Festival INGEM - PLZEŇ 2012"]
[Site "Plzeň (Česká republika)"]
[Date "2012.08.25"]
[Round "9.13"]
[White "Hajek, Jiri"]
[Black "Palkova, Hana"]
[Result "1/2-1/2"]
[WhiteElo "1874"]
[BlackElo "1971"]
[PlyCount "73"]
[EventDate "2012.08.18"]
[Source "ChessBase"]
[SourceDate "1996.11.15"]

1. d4 d5 2. Nf3 Nf6 3. Bg5 Nbd7 4. e3 e6 5. Bd3 Be7 6. O-O O-O 7. Ne5 h6 8. Bh4
c5 9. c3 Ne8 10. Bxe7 Qxe7 11. f4 c4 12. Bc2 Nxe5 13. fxe5 f6 14. exf6 Nxf6 15.
Nd2 e5 16. Qe1 Bd7 17. Nf3 e4 18. Ne5 Be8 19. Qh4 Qd6 20. Rf2 Nd7 21. Rxf8+
Nxf8 22. Rf1 Ng6 23. Nxg6 Bxg6 24. Qf4 Qxf4 25. Rxf4 Rf8 26. Rxf8+ Kxf8 27. Bd1
Bf5 28. Kf2 Ke7 29. Kg3 Kf6 30. h4 g6 31. b3 b5 32. bxc4 bxc4 33. Ba4 Be6 34.
Bc6 Bf7 35. Kf4 Be6 36. Kg3 Bf7 37. Kf2 1/2-1/2

[Event "Festival INGEM - PLZEŇ 2012"]
[Site "Plzeň (Česká republika)"]
[Date "2012.08.25"]
[Round "9.14"]
[White "Hollan, Martin"]
[Black "Cecil, Pavel"]
[Result "1/2-1/2"]
[WhiteElo "1670"]
[BlackElo "1965"]
[PlyCount "132"]
[EventDate "2012.08.18"]
[Source "ChessBase"]
[SourceDate "1996.11.15"]

1. e4 e6 2. d4 d5 3. Nc3 Nf6 4. Bg5 dxe4 5. Bxf6 gxf6 6. Nxe4 c6 7. Nf3 b6 8.
Bd3 Bb7 9. Qe2 Nd7 10. O-O-O Qc7 11. Rhe1 O-O-O 12. Kb1 Kb8 13. c4 Rg8 14. Ng3
f5 15. Rg1 Nf6 16. Bc2 Bd6 17. Bb3 Rge8 18. Ba4 Re7 19. c5 bxc5 20. dxc5 Bf4
21. Qc4 Nd5 22. Rge1 Red7 23. Nh5 Bh6 24. Ne5 Re7 25. Qh4 f6 26. Nxf6 Bg7 27.
Nxd5 Rxd5 28. Rxd5 cxd5 29. Qd4 Ka8 30. c6 Ba6 31. f4 Qa5 32. Rc1 Rc7 33. b3
Be2 34. Qc3 Qa6 35. Kb2 Bd3 36. Rd1 Be4 37. Qe3 Bf6 38. g3 Qc8 39. Rc1 Qh8 40.
Qd4 h5 41. Rc5 h4 42. Qc3 hxg3 43. Qxg3 Bh4 44. Qh3 Qh6 45. Qf1 Be7 46. Qg1 Qf8
47. Rc3 Ba3+ 48. Ka1 Rg7 49. Rg3 Bc5 50. Qd1 Rxg3 51. hxg3 Qg7 52. c7 Qxc7 53.
Bc6+ Kb8 54. Nd7+ Kc8 55. Nxc5 Qxc6 56. Nxe4 dxe4 57. Kb2 Kc7 58. Qd4 a6 59.
Qa7+ Kc8 60. Qe3 Kb7 61. Qd4 Qd5 62. Kc3 Kc6 63. Qc4+ Qxc4+ 64. Kxc4 a5 65. a3
Kc7 66. Kd4 Kd6 1/2-1/2

[Event "Festival INGEM - PLZEŇ 2012"]
[Site "Plzeň (Česká republika)"]
[Date "2012.08.25"]
[Round "9.15"]
[White "Hollan, Petr"]
[Black "Saez Coma, Alejandro"]
[Result "0-1"]
[WhiteElo "1718"]
[BlackElo "1906"]
[PlyCount "52"]
[EventDate "2012.08.18"]
[Source "ChessBase"]
[SourceDate "1996.11.15"]

1. e4 Nc6 2. Nf3 d6 3. d4 Nf6 4. Nc3 Bg4 5. Be2 g6 6. O-O Bg7 7. h3 Bxf3 8.
Bxf3 e5 9. dxe5 Nxe5 10. Bg5 h6 11. Bh4 Qd7 12. Be2 g5 13. Bg3 O-O-O 14. f4
gxf4 15. Rxf4 Kb8 16. Rf2 Nh7 17. Rf1 Rhg8 18. Bxe5 Bxe5 19. Bg4 Qe7 20. Nd5
Qh4 21. Ne3 Ng5 22. Nf5 Nxh3+ 23. gxh3 Qxh3 24. Rf2 Rxg4+ 25. Qxg4 Qxg4+ 26.
Rg2 Qxe4 0-1

[Event "Festival INGEM - PLZEŇ 2012"]
[Site "Plzeň (Česká republika)"]
[Date "2012.08.25"]
[Round "9.17"]
[White "Pokorny, Jiri"]
[Black "Kantor, Jozef"]
[Result "0-1"]
[WhiteElo "1939"]
[BlackElo "1884"]
[PlyCount "72"]
[EventDate "2012.08.18"]
[Source "ChessBase"]
[SourceDate "1996.11.15"]

1. e4 c5 2. Nf3 d6 3. d4 cxd4 4. Nxd4 Nc6 5. Bc4 e6 6. Nc3 Nf6 7. O-O Be7 8.
Bg5 O-O 9. Qd2 a6 10. Rad1 Ne8 11. Be3 Qc7 12. f4 Nf6 13. Nf3 b5 14. Bd3 Bb7
15. h3 b4 16. Ne2 Rfd8 17. g4 Na5 18. Qxb4 Rdc8 19. Bb6 Nc6 20. Qb3 Qd7 21. g5
Nh5 22. Bc4 Na7 23. Rd4 d5 24. Ne5 Qe8 25. exd5 exd5 26. Rxd5 Nc6 27. Nxf7 Nb4
28. Rd8 Bxd8 29. Nd6+ Kf8 30. Nxe8 Bxb6+ 31. Kh2 Bc5 32. a3 Rxe8 33. axb4 Re3
34. Qa4 Rae8 35. Nc3 Rg3 36. bxc5 Rg2+ 0-1

[Event "Festival INGEM - PLZEŇ 2012"]
[Site "Plzeň (Česká republika)"]
[Date "2012.08.25"]
[Round "9.18"]
[White "Molnar, Ladislav"]
[Black "Dungl, Martin"]
[Result "0-1"]
[WhiteElo "1807"]
[BlackElo "1991"]
[PlyCount "116"]
[EventDate "2012.08.18"]
[Source "ChessBase"]
[SourceDate "1996.11.15"]

1. e4 e5 2. Bc4 Nf6 3. d3 Nc6 4. Nf3 Bc5 5. Bg5 d6 6. c3 Qe7 7. b4 Bb6 8. a4 a5
9. b5 Nd8 10. O-O Ne6 11. Be3 Bxe3 12. fxe3 O-O 13. Qe1 Nc5 14. Qh4 h6 15. Na3
Nxa4 16. Bb3 Nc5 17. Bc2 b6 18. Nc4 Bb7 19. Ncd2 Rfe8 20. Qg3 Qd7 21. Nh4 Qg4
22. Rf3 Qxg3 23. Rxg3 Kh7 24. Rf1 Ncd7 25. Nf5 g6 26. Nh4 Re7 27. Rgf3 Kg7 28.
Rg3 Kh7 29. Rgf3 Kg7 30. Rg3 Nh5 31. Nf5+ Kf8 32. Nxe7 Nxg3 33. Nxg6+ Kg7 34.
hxg3 fxg6 35. Bb3 Rf8 36. d4 Nf6 37. d5 Ng4 38. Rxf8 Kxf8 39. Nc4 Ke7 40. Kf1
Bc8 41. Bd1 Nf6 42. Bc2 Bd7 43. Na3 Be8 44. c4 Nd7 45. Nb1 Kf6 46. Nc3 Kg5 47.
Nd1 Kg4 48. Kf2 Nc5 49. Nc3 h5 50. Na4 Nxa4 51. Bxa4 h4 52. gxh4 Kxh4 53. g3+
Kh3 54. Kf3 g5 55. Kf2 Bg6 56. Bc2 g4 57. Ba4 Bxe4 58. Bd1 Bb1 0-1

[Event "Festival INGEM - PLZEŇ 2012"]
[Site "Plzeň (Česká republika)"]
[Date "2012.08.25"]
[Round "9.19"]
[White "Novy, Jan"]
[Black "Bartosek, Ivan"]
[Result "1-0"]
[WhiteElo "1723"]
[BlackElo "1941"]
[PlyCount "43"]
[EventDate "2012.08.18"]
[Source "ChessBase"]
[SourceDate "1996.11.15"]

1. e4 e5 2. Nf3 Nc6 3. Nc3 Bc5 4. Nxe5 Bxf2+ 5. Kxf2 Nxe5 6. d4 Ng6 7. Be3 N8e7
8. g3 O-O 9. Bc4 Kh8 10. h4 f5 11. Bg5 fxe4+ 12. Kg2 Nf5 13. Qe1 Nge7 14. Qxe4
c6 15. d5 h6 16. Bd3 hxg5 17. hxg5+ Kg8 18. d6 Nd5 19. Nxd5 Qxg5 20. Ne7+ Nxe7
21. dxe7 Re8 22. Rh8+ 1-0

[Event "Festival INGEM - PLZEŇ 2012"]
[Site "Plzeň (Česká republika)"]
[Date "2012.08.25"]
[Round "9.21"]
[White "Maly, Antonin"]
[Black "Veselsky, Jan"]
[Result "1/2-1/2"]
[WhiteElo "1847"]
[BlackElo "1718"]
[PlyCount "42"]
[EventDate "2012.08.18"]
[Source "ChessBase"]
[SourceDate "1996.11.15"]

1. Nf3 Nf6 2. g3 g6 3. Bg2 d5 4. d4 Bg7 5. O-O O-O 6. c3 Nbd7 7. Nbd2 c5 8. Re1
Qc7 9. Nb3 c4 10. Nbd2 Re8 11. Nf1 Ne4 12. Bf4 Qb6 13. Bc1 Ndf6 14. N3d2 Bf5
15. f3 Nxd2 16. Nxd2 e5 17. e3 exd4 18. exd4 Rxe1+ 19. Qxe1 Re8 20. Qd1 Nd7 21.
Nf1 Ne5 1/2-1/2

[Event "Festival INGEM - PLZEŇ 2012"]
[Site "Plzeň (Česká republika)"]
[Date "2012.08.25"]
[Round "9.22"]
[White "Roew, Rolf"]
[Black "Lorenc, David"]
[Result "1-0"]
[WhiteElo "1811"]
[BlackElo "1699"]
[PlyCount "71"]
[EventDate "2012.08.18"]
[Source "ChessBase"]
[SourceDate "1996.11.15"]

1. e4 c5 2. c3 d5 3. exd5 Qxd5 4. d4 e5 5. dxe5 Qxd1+ 6. Kxd1 Nc6 7. Bb5 Bg4+
8. f3 O-O-O+ 9. Ke1 Bf5 10. Bxc6 bxc6 11. Ne2 Ne7 12. Kf2 Ng6 13. f4 Nh4 14.
Nd2 Bd3 15. Nf3 Nxf3 16. Kxf3 Be7 17. Be3 Rd7 18. Ng3 Rhd8 19. Ne4 Bxe4+ 20.
Kxe4 Rd3 21. g4 h6 22. h4 R8d5 23. c4 Rd7 24. h5 Kb7 25. Rac1 f6 26. e6 Rd8 27.
Rhe1 Kc7 28. Rc2 Rd1 29. Rxd1 Rxd1 30. Rd2 Rxd2 31. Bxd2 Kd6 32. Kf5 Bf8 33. a3
a6 34. Ba5 Be7 35. Bb6 Bf8 36. Bd8 1-0

[Event "Festival INGEM - PLZEŇ 2012"]
[Site "Plzeň (Česká republika)"]
[Date "2012.08.25"]
[Round "9.24"]
[White "Smrckova, Svetlana"]
[Black "Leseticky, Vladimir"]
[Result "1-0"]
[WhiteElo "1578"]
[BlackElo "1647"]
[PlyCount "37"]
[EventDate "2012.08.18"]
[Source "ChessBase"]
[SourceDate "1996.11.15"]

1. e4 c5 2. Nf3 Nc6 3. Nc3 e6 4. Bc4 Nd4 5. d3 a6 6. Be3 Nxf3+ 7. Qxf3 Qf6 8.
Qd1 b5 9. Bb3 Bb7 10. O-O Bd6 11. f4 Nh6 12. Qe2 Be7 13. f5 Bd6 14. fxe6 Bxh2+
15. Kxh2 Qh4+ 16. Kg1 O-O 17. Bxc5 fxe6 18. Bxf8 Ng4 19. Bd6 1-0

[Event "Festival INGEM - PLZEŇ 2012"]
[Site "Plzeň (Česká republika)"]
[Date "2012.08.25"]
[Round "9.26"]
[White "Hrdlicka, Vaclav"]
[Black "Zoubek, Vladimir"]
[Result "1/2-1/2"]
[WhiteElo "1740"]
[BlackElo "1659"]
[PlyCount "32"]
[EventDate "2012.08.18"]
[Source "ChessBase"]
[SourceDate "1996.11.15"]

1. d4 Nf6 2. Nf3 d5 3. c4 e6 4. Nc3 c6 5. Bg5 Be7 6. e3 Nbd7 7. Rc1 dxc4 8.
Bxc4 O-O 9. O-O Nd5 10. Bxe7 Qxe7 11. Bb3 Rd8 12. Ne4 N7f6 13. Nc5 b6 14. Nd3
Bb7 15. Nfe5 Rac8 16. Bxd5 cxd5 1/2-1/2